TV Title Translation - Dutch - Statistics

General Stats
  • This quiz has been taken 80 times
  • The average score is 12 of 18
Answer Stats
Dutch Answer % Correct
Moderne Familie Modern Family
99%
Vrienden Friends
93%
Oranje is het Nieuwe Zwart Orange is the New Black
93%
Seks en de Stad Sex and the City
89%
Zuid Park South Park
89%
Hoe Ik Jouw Moeder Meb Ontmoet How I Met Your Mother
85%
Getrouwd met Kinderen Married with Children
75%
Verloren Lost
73%
Twee en een Halve Man Two and a Half Men
73%
Kleine Huis op de Prairie Little House on the Prairie
66%
Gelukkige Dagen Happy Days
59%
Het Kantoor The Office
59%
Jij You
55%
De Lopende Doden The Walking Dead
52%
Gered door de bel Saved by the bell
49%
Gemeenschap Community
46%
Wie is de baas Who's the boss
41%
Dagen van Ons Leven Days of Our Lives
39%
No matching quizzes found
Score Distribution
Percent of People with Each Score
Percentile by Number Answered
Your Score History
You have not taken this quiz